书目信息 |
| 题名: |
企业人力资源管理辅导手册
|
|
| 作者: | ;中央企业管理提升活动领导小组 主编 | |
| 分册: | ||
| 出版信息: | 北京 北京教育出版社 2012 |
|
| 页数: | 10,360页 | |
| 开本: | 24cm | |
| 丛书名: | 中央企业管理提升系列丛书 | |
| 单 册: | ||
| 中图分类: | F279.241 | |
| 科图分类: | ||
| 主题词: | 国有企业--企业管理--人力资源管理--研究--中国 , 国有企业 , 企业管理 , 人力资源管理 | |
| 电子资源: | ||
| ISBN: | 978-7-5522-0092-8 | |
| 000 | 01267oam2 2200313 450 | |
| 001 | 524 | |
| 005 | 20140909093042.06 | |
| 010 | @a978-7-5522-0092-8@dCNY55.80 | |
| 100 | @a20130412d2012 em y0chiy50 ea | |
| 101 | 0 | @achi |
| 102 | @aCN@b110000 | |
| 105 | @ay z 000yy | |
| 106 | @ar | |
| 200 | 1 | @a企业人力资源管理辅导手册@AQi Ye Ren Li Zi Yuan Guan Li Fu Dao Shou Ce@f中央企业管理提升活动领导小组主编@FZhong Yang Qi Ye Guan Li Ti Sheng Huo Dong Ling Dao Xiao Zu Zhu Bian |
| 210 | @a北京@c北京教育出版社@d2012 | |
| 215 | @a10,360页@d24cm | |
| 225 | 2 | @a中央企业管理提升系列丛书 |
| 312 | @a封面英文题名:Handbook of enterprise human resources management | |
| 330 | @a本书分别阐述了兵器工业集团、中铝公司、中粮集团三家企业在人力资源管理领域改革创新的成果,并附录了各方面改革的典型案例。 | |
| 461 | 0 | @12001 @a中央企业管理提升系列丛书 |
| 510 | 1 | @aHandbook of enterprise human resources management@zeng |
| 606 | 0 | @a国有企业@x企业管理@x人力资源管理@x研究@y中国 |
| 606 | 0 | @a国有企业 |
| 606 | 0 | @a企业管理 |
| 606 | 0 | @a人力资源管理 |
| 690 | @aF279.241@v5 | |
| 711 | 02 | @a中央企业管理提升活动领导小组@AZhong Yang Qi Ye Guan Li Ti Sheng Huo Dong Ling Dao Xiao Zu@4主编 |
| 801 | 0 | @aCN@bTANGWEI@c20140603 |
| 905 | @b0838519-21@dF279.241@e1148@f3 | |
| 企业人力资源管理辅导手册/中央企业管理提升活动领导小组主编.-北京:北京教育出版社,2012 |
| 10,360页;24cm.-(中央企业管理提升系列丛书) |
| ISBN 978-7-5522-0092-8:CNY55.80 |
| 本书分别阐述了兵器工业集团、中铝公司、中粮集团三家企业在人力资源管理领域改革创新的成果,并附录了各方面改革的典型案例。 |
| ● |
| 相关链接 |
|
|
|
|
正题名:企业人力资源管理辅导手册
索取号:F279.241/1148
 
预约/预借
| 序号 | 登录号 | 条形码 | 馆藏地/架位号 | 状态 | 备注 |
| 1 | 0838519 | 208385193 | 第一样本阅览室/ [索取号:F279.241/1148] | 在馆 | |
| 2 | 0838520 | 208385200 | 密集书库-海洋学院/ [索取号:F279.241/1148] | 在馆 | |
| 3 | 0838521 | 208385219 | 第一借阅区/ [索取号:F279.241/1148] | 在馆 |